000 00526 a2200169 4500
999 _c26540
_d26540
008 230628b ||||| |||| 00| 0 eng d
020 _a9781908833525
_cGBP110.00
041 0 _aeng
082 0 0 _a387.5068
_bI17
110 _92796
_aInstitute of Chartered Shipbrokers
245 _aShip Operations and Management /
250 _a2022 edition
260 _aLondon :
_bInstitute of Chartered Shipbrokers,
_c2022.
300 _axvi, 359 p. :
_billustrations (color) ;
_c24 cm.
650 0 _aShipping Management
942 _2ddc
_cBK